[Event "BI-2014-P-0016"]
[Site "LSS email"]
[Date "2014.04.19"]
[Round "?"]
[White "Petrov, Andrey"]
[Black "Aberbach Peltzman, Angel Sergio"]
[Result "0-1"]
[WhiteElo "1341"]
[BlackElo "2080"]
[PlyCount "20"]
[EventDate "2014.04.25"]
[EventType "tourn (corr)"]
[EventRounds "10"]
[EventCountry "GER"]
[SourceTitle "Corr 2015"]
[Source "ChessBase"]
[SourceDate "2015.07.17"]
[SourceVersion "1"]
[SourceVersionDate "2015.07.17"]
[SourceQuality "1"]

1. e4 e5 2. Qh5 Nc6 3. Bc4 g6 4. Qf3 Nf6 5. Ne2 Bg7 6. d3 0-0 7. Nbc3 Na5 8. 0-0 c6 9. a4 Nxc4 10. dxc4 d6 0-1

[Event "BI-2014-P-0016"]
[Site "LSS email"]
[Date "2014.04.19"]
[Round "?"]
[White "Petrov, Andrey"]
[Black "Celan, Melissa"]
[Result "0-1"]
[WhiteElo "1341"]
[BlackElo "1811"]
[PlyCount "22"]
[EventDate "2014.04.25"]
[EventType "tourn (corr)"]
[EventRounds "10"]
[EventCountry "GER"]
[SourceTitle "Corr 2015"]
[Source "ChessBase"]
[SourceDate "2015.07.17"]
[SourceVersion "1"]
[SourceVersionDate "2015.07.17"]
[SourceQuality "1"]

1. e4 e6 2. d4 d5 3. Nc3 dxe4 4. Nxe4 Bd7 5. Nf3 Bc6 6. Bd3 h6 7. 0-0 Nf6 8. Nxf6+ Qxf6 9. Ne5 Bd6 10. f4 g6 11. a3 0-0 0-1

[Event "BI-2014-P-0016"]
[Site "LSS email"]
[Date "2014.04.19"]
[Round "?"]
[White "Petrov, Andrey"]
[Black "Lelito, Jerzy"]
[Result "0-1"]
[WhiteElo "1341"]
[BlackElo "2002"]
[PlyCount "20"]
[EventDate "2014.04.25"]
[EventType "tourn (corr)"]
[EventRounds "10"]
[EventCountry "GER"]
[SourceTitle "Corr 2015"]
[Source "ChessBase"]
[SourceDate "2015.07.17"]
[SourceVersion "1"]
[SourceVersionDate "2015.07.17"]
[SourceQuality "1"]

1. e4 g6 2. d4 Bg7 3. Nc3 d5 4. exd5 Nf6 5. Bb5+ Nbd7 6. Nf3 0-0 7. 0-0 Nb6 8. Re1 Nbxd5 9. Nxd5 Nxd5 10. Bd3 a5 0-1

[Event "BI-2014-P-0016"]
[Site "LSS email"]
[Date "2014.04.19"]
[Round "?"]
[White "Petrov, Andrey"]
[Black "Novikov, Sergey Vasilievich"]
[Result "0-1"]
[WhiteElo "1341"]
[BlackElo "1997"]
[PlyCount "26"]
[EventDate "2014.04.25"]
[EventType "tourn (corr)"]
[EventRounds "10"]
[EventCountry "GER"]
[SourceTitle "Corr 2015"]
[Source "ChessBase"]
[SourceDate "2015.07.17"]
[SourceVersion "1"]
[SourceVersionDate "2015.07.17"]
[SourceQuality "1"]

1. e4 c5 2. Nf3 d6 3. d4 cxd4 4. Nxd4 Nf6 5. Nc3 a6 6. h3 e5 7. Nde2 h5 8. Bg5 Be6 9. f4 Nbd7 10. f5 Bc4 11. Ng3 Rc8 12. Bxc4 Rxc4 13. Qd3 Qc7 0-1

[Event "CP-2013-P-00067"]
[Site "LSS email"]
[Date "2013.09.30"]
[Round "?"]
[White "Gruber, Rudolf"]
[Black "Petrov, Andrey"]
[Result "1/2-1/2"]
[WhiteElo "2098"]
[BlackElo "1314"]
[PlyCount "54"]
[EventDate "2013.10.01"]
[EventType "tourn (corr)"]
[EventRounds "6"]
[EventCountry "GER"]
[SourceTitle "Telechess CBM 167"]
[Source "ChessBase"]
[SourceDate "2015.07.13"]
[SourceVersion "1"]
[SourceVersionDate "2015.07.13"]
[SourceQuality "1"]

1. e4 e5 2. Nf3 Nf6 3. Nxe5 d6 4. Nc4 Nxe4 5. Nc3 Nxc3 6. bxc3 Nd7 7. Qf3 g6 8. d4 Bg7 9. Bd3 0-0 10. 0-0 Rb8 11. Re1 b6 12. Qg3 Nf6 13. Bg5 h6 14. Bd2 Bb7 15. f3 Re8 16. Ne3 Qd7 17. h3 Re6 18. Ng4 Nxg4 19. Rxe6 Qxe6 20. Qxg4 Qxg4 21. hxg4 c5 22. Be3 Rc8 23. a4 d5 24. Kf2 c4 25. Be2 g5 26. g3 Bf6 27. f4 Kg7 1/2-1/2

[Event "RN-2013-0-00688"]
[Site "LSS email"]
[Date "2013.08.27"]
[Round "?"]
[White "Goti, Javier"]
[Black "Petrov, Andrey"]
[Result "0-1"]
[WhiteElo "672"]
[BlackElo "1265"]
[PlyCount "33"]
[EventDate "2013.08.17"]
[EventType "tourn (corr)"]
[EventRounds "6"]
[EventCountry "GER"]
[SourceTitle "Corr 2015"]
[Source "ChessBase"]
[SourceDate "2015.07.17"]
[SourceVersion "1"]
[SourceVersionDate "2015.07.17"]
[SourceQuality "1"]

1. c4 e5 2. Nc3 Nf6 3. g3 Bb4 4. Qc2 0-0 5. Bg2 Nc6 6. e3 Bxc3 7. Qxc3 d5 8. d3 Bf5 9. Nf3 d4 10. exd4 exd4 11. Qb3 Re8+ 12. Kd2 Qd6 13. Re1 Nb4 14. Ng5 Rxe1 15. Kxe1 Bxd3 16. Bf4 Qe7+ 17. Kd2 0-1

[Event "RN-2013-0-00688"]
[Site "LSS email"]
[Date "2013.08.27"]
[Round "?"]
[White "Gyongyosi, Peter Laszlo"]
[Black "Petrov, Andrey"]
[Result "0-1"]
[WhiteElo "849"]
[BlackElo "1265"]
[PlyCount "64"]
[EventDate "2013.08.17"]
[EventType "tourn (corr)"]
[EventRounds "6"]
[EventCountry "GER"]
[SourceTitle "Telechess CBM 163"]
[Source "ChessBase"]
[SourceDate "2014.11.11"]
[SourceVersion "2"]
[SourceVersionDate "2014.11.11"]
[SourceQuality "1"]

1. e4 c5 2. Nc3 d6 3. f4 Nc6 4. Nf3 g6 5. Bb5 Bg7 6. Bxc6+ bxc6 7. d3 Nf6 8. 0-0 0-0 9. Bd2 c4 10. Qe2 Qb6+ 11. d4 Bg4 12. b3 Bxf3 13. Rxf3 Qxd4+ 14. Kh1 cxb3 15. axb3 Nxe4 16. Rd1 Nxd2 17. Rxd2 Qb4 18. Ne4 d5 19. Ng3 a5 20. h4 e5 21. fxe5 Qxh4+ 22. Kg1 Rae8 23. Re3 Bh6 24. Rdd3 Bxe3+ 25. Rxe3 Re6 26. Nh1 a4 27. bxa4 Rb8 28. Rb3 Rxb3 29. cxb3 Qd4+ 30. Nf2 Rxe5 31. Qd3 Re1+ 32. Kh2 Qxf2 0-1

[Event "RN-2013-0-00688"]
[Site "LSS email"]
[Date "2013.08.27"]
[Round "?"]
[White "Petrov, Andrey"]
[Black "Bester, Kazimierz"]
[Result "1-0"]
[WhiteElo "1265"]
[BlackElo "711"]
[PlyCount "33"]
[EventDate "2013.08.17"]
[EventType "tourn (corr)"]
[EventRounds "6"]
[EventCountry "GER"]
[SourceTitle "Corr 2015"]
[Source "ChessBase"]
[SourceDate "2015.07.17"]
[SourceVersion "1"]
[SourceVersionDate "2015.07.17"]
[SourceQuality "1"]

1. e4 d5 2. exd5 Qxd5 3. Nc3 Qa5 4. d4 Nf6 5. Nf3 Bg4 6. h3 Bxf3 7. Qxf3 Nc6 8. Bb5 Qb6 9. d5 a6 10. Be3 Qa5 11. dxc6 axb5 12. cxb7 Rb8 13. Qc6+ Nd7 14. 0-0-0 Rd8 15. Qxd7+ Rxd7 16. b8Q+ Rd8 17. Qxd8# 1-0

[Event "OP-2013-0-02966"]
[Site "LSS email"]
[Date "2013.08.26"]
[Round "?"]
[White "Vontina, Maria"]
[Black "Petrov, Andrey"]
[Result "0-1"]
[WhiteElo "738"]
[BlackElo "1314"]
[PlyCount "44"]
[EventDate "2013.08.23"]
[EventType "tourn (corr)"]
[EventRounds "4"]
[EventCountry "GER"]
[SourceTitle "Telechess CBM 167"]
[Source "ChessBase"]
[SourceDate "2015.07.13"]
[SourceVersion "1"]
[SourceVersionDate "2015.07.13"]
[SourceQuality "1"]

1. e4 c5 2. Nf3 d6 3. d4 cxd4 4. Nxd4 Nf6 5. Nc3 a6 6. Bg5 e6 7. f4 Qb6 8. Nb3 Be7 9. Qf3 Nbd7 10. 0-0-0 Qc7 11. Bd3 h6 12. Bh4 Rb8 13. g4 b5 14. a3 Nxe4 15. Bxe7 Nxc3 16. Bxd6 Qxd6 17. bxc3 Bb7 18. Be4 Qxa3+ 19. Kb1 Nb6 20. Bxb7 0-0 21. Qe3 Na4 22. Qc1 Nxc3# 0-1

[Event "Yuzhny FO-ch op"]
[Site "Armavir"]
[Date "2010.03.??"]
[Round "2"]
[White "Petrov, Andrey"]
[Black "Zhukov, Viktor Andreevich"]
[Result "1-0"]
[WhiteElo "2396"]
[BlackElo "2184"]
[PlyCount "74"]
[EventDate "2010.03.??"]
[EventType "swiss"]
[EventRounds "9"]
[EventCountry "RUS"]
[SourceTitle "CBM 135 Extra"]
[Source "ChessBase"]
[SourceDate "2010.05.04"]
[SourceVersion "1"]
[SourceVersionDate "2010.05.04"]
[SourceQuality "1"]

1. e4 c5 2. Nf3 e6 3. d3 Nc6 4. g3 d5 5. Nbd2 Nf6 6. Bg2 Be7 7. 0-0 0-0 8. Qe2 b6 9. e5 Nd7 10. Re1 Bb7 11. Nf1 Re8 12. h4 f5 13. exf6 Bxf6 14. c3 Nf8 15. Ne3 d4 16. Ng4 dxc3 17. Nxf6+ Qxf6 18. Bg5 Qf7 19. bxc3 h6 20. Be3 e5 21. Nd2 Nd4 22. cxd4 exd4 23. Ne4 dxe3 24. fxe3 Rad8 25. Rf1 Qe7 26. Qg4 Nd7 27. Rad1 Ne5 28. Qh5 Bc8 29. Nf2 Rf8 30. d4 Rxf2 31. dxe5 Rxf1+ 32. Rxf1 Be6 33. Be4 Bd5 34. Bb1 Qe6 35. Bf5 Qc6 36. e6 Qe8 37. Qg4 Rd6 1-0

[Event "Yuzhny FO-ch op"]
[Site "Armavir"]
[Date "2010.03.??"]
[Round "7"]
[White "Rozhko, Dmitry"]
[Black "Petrov, Andrey"]
[Result "0-1"]
[WhiteElo "2376"]
[BlackElo "2396"]
[PlyCount "88"]
[EventDate "2010.03.??"]
[EventType "swiss"]
[EventRounds "9"]
[EventCountry "RUS"]
[SourceTitle "CBM 135 Extra"]
[Source "ChessBase"]
[SourceDate "2010.05.04"]
[SourceVersion "1"]
[SourceVersionDate "2010.05.04"]
[SourceQuality "1"]

1. d4 Nf6 2. Nf3 d6 3. h3 Nbd7 4. Bf4 c6 5. c3 Qc7 6. e3 e5 7. Bh2 Be7 8. Be2 0-0 9. 0-0 a6 10. a4 b6 11. Nbd2 Bb7 12. dxe5 Nxe5 13. Nc4 Nxc4 14. Bxc4 c5 15. Nd2 Qc6 16. Qf3 d5 17. Bd3 Rad8 18. Rfd1 Ne4 19. Be5 f6 20. Bf4 f5 21. Qe2 Nxd2 22. Qxd2 d4 23. Bf1 d3 24. c4 g5 25. Be5 Qe4 26. f4 Bf6 27. Bxf6 Rxf6 28. fxg5 Rfd6 29. b3 Qe5 30. Ra2 a5 31. Qf2 Be4 32. Rdd2 Rg6 33. Qf4 Qe7 34. h4 h6 35. gxh6 Rg4 36. Qf2 Rxh4 37. Ra1 Rg4 38. Qe1 Qg5 39. Rf2 Rd6 40. Qc3 Rxh6 41. Qe5 Qh5 42. Qb8+ Kh7 43. Rf4 Rxg2+ 44. Bxg2 Qh2+ 0-1

[Event "Sibiria Region-ch"]
[Site "Russia"]
[Date "2007.03.22"]
[Round "5"]
[White "Petrov, Andrey"]
[Black "Rushakov, Anatoly"]
[Result "1-0"]
[WhiteElo "2287"]
[BlackElo "2105"]
[PlyCount "99"]
[EventDate "2007.03.18"]
[EventType "swiss"]
[EventRounds "9"]
[EventCountry "RUS"]
[SourceTitle "EXT 2008"]
[Source "ChessBase"]
[SourceDate "2007.11.25"]
[SourceVersion "1"]
[SourceVersionDate "2007.11.25"]
[SourceQuality "1"]

1. e4 d5 2. exd5 Nf6 3. Bb5+ Nbd7 4. c4 a6 5. Bxd7+ Qxd7 6. Nc3 g6 7. d3 b5 8. Qe2 Bg7 9. Nf3 0-0 10. 0-0 Re8 11. Bg5 e6 12. Ne5 Qd6 13. c5 Qf8 14. d6 cxd6 15. Bxf6 Bxf6 16. Qf3 Bxe5 17. Qxa8 dxc5 18. Rac1 Qe7 19. Qe4 Bb8 20. Qf3 Bb7 21. Qh3 Rd8 22. Ne4 c4 23. Rfd1 Bf4 24. Rb1 cxd3 25. Qf3 Bxh2+ 26. Kxh2 Qh4+ 27. Kg1 Qxe4 28. Qxe4 Bxe4 29. f3 Ba8 30. Rbc1 e5 31. Kf2 f5 32. Rc7 e4 33. f4 Bd5 34. b3 Bf7 35. Ke3 Rd6 36. Kd2 g5 37. g3 gxf4 38. gxf4 Rg6 39. Ke3 Rg3+ 40. Kd4 Rg6 41. Rc5 Re6 42. Rxf5 e3 43. Rg1+ Bg6 44. Re5 Rd6+ 45. Kxe3 d2 46. f5 d1Q 47. Rxd1 Rxd1 48. fxg6 Re1+ 49. Kd4 Rxe5 50. gxh7+ 1-0

[Event "Sibiria Region-ch"]
[Site "Russia"]
[Date "2007.03.19"]
[Round "2"]
[White "Petrov, Andrey"]
[Black "Galauov, Ruslan"]
[Result "1-0"]
[WhiteElo "2287"]
[BlackElo "2110"]
[PlyCount "85"]
[EventDate "2007.03.18"]
[EventType "swiss"]
[EventRounds "9"]
[EventCountry "RUS"]
[SourceTitle "EXT 2008"]
[Source "ChessBase"]
[SourceDate "2007.11.25"]
[SourceVersion "1"]
[SourceVersionDate "2007.11.25"]
[SourceQuality "1"]

1. e4 e6 2. d4 d5 3. Nd2 c5 4. exd5 exd5 5. Ngf3 Nc6 6. Be2 cxd4 7. 0-0 Bd6 8. Nb3 Nge7 9. Nfxd4 0-0 10. c3 Ng6 11. f4 Qf6 12. f5 Nge7 13. g4 Qh4 14. Bf4 Bxf4 15. Rxf4 Ne5 16. Qf1 g5 17. fxg6 N7xg6 18. Nf5 Bxf5 19. Rxf5 Nxg4 20. Bxg4 Qxg4+ 21. Kh1 Rae8 22. Nd4 Qe4+ 23. Qf3 Re5 24. Qxe4 dxe4 25. Raf1 Rxf5 26. Nxf5 Re8 27. Kg1 Kf8 28. Kf2 Re6 29. Ke3 Ke8 30. Ng7+ Ke7 31. Nxe6 Kxe6 32. Kxe4 Ne7 33. c4 f5+ 34. Kd4 Nc6+ 35. Kc5 Ke5 36. b4 Ke4 37. Re1+ Kf4 38. b5 Ne5 39. Kd5 Nf3 40. Re7 b6 41. Rxa7 Ng5 42. c5 bxc5 43. b6 1-0